[Event "Korcsoportos Bajnokság u10f"]
[Site "Balatonlelle"]
[Date "2015.06.18"]
[Round "1.1"]
[White "Juhasz, Agoston"]
[Black "Borhy, Marcell"]
[Result "0-1"]
[WhiteElo "1290"]
[BlackElo "1802"]
[PlyCount "98"]
[EventDate "2015.06.18"]
[EventType "swiss"]
[EventRounds "9"]
[EventCountry "HUN"]
[WhiteClock "0:45:00"]
[BlackClock "1:39:39"]

1. e4 c5 2. Nf3 d6 3. c3 Nf6 4. Be2 Nc6 5. d4 cxd4 6. cxd4 Nxe4 7. d5 Qa5+ 8.
Nc3 Nxc3 9. bxc3 Nb8 10. Qd4 Nd7 11. O-O Nf6 12. Rd1 g6 13. Rb1 a6 14. Bc4 Bg7
15. Re1 Qc7 16. Bh6 O-O 17. Bxg7 Kxg7 18. Re3 b5 19. Bd3 Bb7 20. c4 bxc4 21.
Bxc4 Rac8 22. Bb3 Kg8 23. h3 Qc5 24. Qxc5 dxc5 25. Rxe7 Bxd5 26. Bxd5 Nxd5 27.
Re5 Nb4 28. a3 Nd3 29. Rd5 c4 30. Nd2 Nf4 31. Ra5 c3 32. Nb3 c2 33. Ra1 c1=Q+
34. Nxc1 Rxc1+ 35. Rxc1 Ne2+ 36. Kf1 Nxc1 37. Rxa6 Nb3 38. a4 Rc8 39. a5 Kg7
40. Ra7 Rc6 41. Ke2 Rc2+ 42. Ke3 Ra2 43. a6 Nc5 44. g4 Rxa6 45. Rxa6 Nxa6 46.
Kd4 Kf6 47. f4 Nc7 48. h4 h5 49. gxh5 gxh5 0-1

[Event "Korcsoportos Bajnokság u10f"]
[Site "Balatonlelle"]
[Date "2015.06.18"]
[Round "1.2"]
[White "Csiki, Endre"]
[Black "Pater, Peter"]
[Result "1-0"]
[WhiteElo "1766"]
[BlackElo "1286"]
[PlyCount "91"]
[EventDate "2015.06.18"]
[EventType "swiss"]
[EventRounds "9"]
[EventCountry "HUN"]
[WhiteClock "1:21:29"]
[BlackClock "0:49:12"]

1. e4 e6 2. d4 d5 3. Nc3 Bb4 4. e5 c5 5. Bd2 Nc6 6. Nf3 Bd7 7. Nb5 Bxd2+ 8.
Qxd2 cxd4 9. Nbxd4 Nge7 10. c3 a6 11. Bd3 Qc7 12. Qe3 Qb6 13. Rb1 Nxd4 14. Nxd4
Nc6 15. O-O O-O 16. Rfe1 h6 17. Nxc6 Qxe3 18. Ne7+ Kh8 19. Rxe3 Rfe8 20. Nxd5
exd5 21. Rbe1 Be6 22. f4 g6 23. Rf3 Bg4 24. Rg3 Be6 25. f5 gxf5 26. Rf3 Rad8
27. Bxf5 d4 28. Bxe6 fxe6 29. Rf7 dxc3 30. bxc3 b6 31. Rb7 Rb8 32. Rd7 Rec8 33.
Rc1 Rc5 34. Rd6 Rxe5 35. Rb1 Re3 36. Rbxb6 Rxb6 37. Rxb6 Rxc3 38. Rxa6 e5 39.
Rxh6+ Kg7 40. Ra6 Rc1+ 41. Kf2 Rc2+ 42. Kf3 Rc3+ 43. Ke4 Rc2 44. Ra3 Rxg2 45.
Rg3+ Rxg3 46. hxg3 1-0

[Event "Korcsoportos Bajnokság u10f"]
[Site "Balatonlelle"]
[Date "2015.06.18"]
[Round "1.3"]
[White "Kertesz, Aron Borsa"]
[Black "Jaro, Benjamin"]
[Result "1-0"]
[WhiteElo "1273"]
[BlackElo "1756"]
[PlyCount "71"]
[EventDate "2015.06.18"]
[EventType "swiss"]
[EventRounds "9"]
[EventCountry "HUN"]
[WhiteClock "0:41:07"]
[BlackClock "0:30:53"]

1. e4 c5 2. Nf3 Nc6 3. d4 cxd4 4. Nxd4 g6 5. Nc3 Bg7 6. Be3 d6 7. f3 Nf6 8. Qd2
Nxd4 9. Bxd4 O-O 10. O-O-O Bd7 11. g4 Qa5 12. Kb1 Rfb8 13. Bxf6 Bxf6 14. Nd5
Qxd2 15. Rxd2 Bg5 16. Rd1 Rd8 17. h4 Bf6 18. g5 Bg7 19. Nxe7+ Kf8 20. Nd5 Rac8
21. Ne3 Rc6 22. b3 a6 23. Nc4 Ke7 24. Ne3 Rdc8 25. Bd3 a5 26. Bb5 Rc5 27. Nd5+
Kd8 28. Bxd7 Rxc2 29. Bxc8 Rb2+ 30. Kc1 Kxc8 31. Nf6 Rxa2 32. Kb1 Rf2 33. Rc1+
Kb8 34. Rc3 h6 35. Rd3 Kc7 36. Ne8+ 1-0

[Event "Korcsoportos Bajnokság u10f"]
[Site "Balatonlelle"]
[Date "2015.06.18"]
[Round "1.4"]
[White "Gombocz, Ferenc Jr"]
[Black "Pasti, Aron"]
[Result "1-0"]
[WhiteElo "1725"]
[BlackElo "1272"]
[PlyCount "31"]
[EventDate "2015.06.18"]
[EventType "swiss"]
[EventRounds "9"]
[EventCountry "HUN"]
[WhiteClock "1:20:53"]
[BlackClock "1:14:48"]

1. d4 d5 2. Nf3 Nf6 3. e3 c6 4. c4 Bg4 5. Qb3 Qc7 6. Ne5 Nbd7 7. cxd5 cxd5 8.
Nc3 e6 9. Bb5 a6 10. Bxd7+ Nxd7 11. Nxg4 Bd6 12. f3 O-O 13. f4 f6 14. O-O e5
15. Nxd5 Qb8 16. Ndxf6+ 1-0

[Event "Korcsoportos Bajnokság u10f"]
[Site "Balatonlelle"]
[Date "2015.06.18"]
[Round "1.5"]
[White "Nemeth, Aron"]
[Black "Kocsis, Akos"]
[Result "1-0"]
[WhiteElo "1271"]
[BlackElo "1706"]
[PlyCount "121"]
[EventDate "2015.06.18"]
[EventType "swiss"]
[EventRounds "9"]
[EventCountry "HUN"]
[WhiteClock "1:19:27"]
[BlackClock "0:26:40"]

1. e4 e6 2. d4 d5 3. Nc3 Nf6 4. exd5 exd5 5. Bg5 Be7 6. Bd3 O-O 7. Nf3 Bg4 8.
O-O Nc6 9. Be2 h6 10. Bh4 Qd7 11. Ne5 Nxe5 12. dxe5 Bxe2 13. Qxe2 Nh7 14. Bxe7
Qxe7 15. Nxd5 Qc5 16. Nc3 Rfe8 17. Rfe1 Re7 18. Qb5 Qxb5 19. Nxb5 a6 20. Nc3
Rae8 21. f4 f6 22. Rad1 fxe5 23. fxe5 Rxe5 24. Rxe5 Rxe5 25. Rd7 Rc5 26. Rd5
Rc6 27. Rd8+ Kf7 28. Rd7+ Kg6 29. Kf2 Nf6 30. Re7 b5 31. a3 Ng4+ 32. Kg3 Nf6
33. Kf3 Rc5 34. g3 a5 35. Re2 Kf5 36. h3 h5 37. Rg2 Rc4 38. Nxb5 g5 39. Ke3
Re4+ 40. Kd3 Nd5 41. Rf2+ Ke5 42. Re2 Rxe2 43. Kxe2 h4 44. gxh4 gxh4 45. Kf3
Kf5 46. c4 Nb6 47. b3 c6 48. c5 Nd7 49. Nd4+ Kg5 50. b4 axb4 51. axb4 Nb8 52.
b5 cxb5 53. Nxb5 Nc6 54. Ke4 Kf6 55. Nd4 Na7 56. c6 Nc8 57. Nb5 Ke6 58. c7 Kf6
59. Kf4 Kg6 60. Ke5 Kg5 61. Nd6 1-0

[Event "Korcsoportos Bajnokság u10f"]
[Site "Balatonlelle"]
[Date "2015.06.18"]
[Round "1.6"]
[White "Kozsik, Bende Barnabas"]
[Black "Petervari, Szabolcs"]
[Result "0-1"]
[WhiteElo "1639"]
[BlackElo "1265"]
[PlyCount "110"]
[EventDate "2015.06.18"]
[EventType "swiss"]
[EventRounds "9"]
[EventCountry "HUN"]
[WhiteClock "1:45:57"]
[BlackClock "1:45:49"]

1. e4 d6 2. d4 c6 3. Nc3 Nd7 4. f4 Qc7 5. Bc4 b5 6. Bb3 Bb7 7. Nf3 h6 8. O-O e5
9. fxe5 dxe5 10. Nxe5 Nxe5 11. dxe5 Bc5+ 12. Kh1 Qxe5 13. Bxf7+ Ke7 14. Bf4 Qf6
15. Qh5 Qd4 16. Bxg8 Rhxg8 17. Rad1 Qb4 18. Qxc5+ Qxc5 19. Bd6+ Qxd6 20. Rxd6
Kxd6 21. b4 Rgf8 22. Rd1+ Ke7 23. h3 Rf2 24. Rc1 Raf8 25. Kg1 Rd2 26. Nd1 Rfd8
27. Ne3 Re2 28. Nf5+ Kf6 29. Rf1 Ke5 30. Ng3 Rxc2 31. Nf5 Rdd2 32. Ne3 Rxa2 33.
g4 Re2 34. Rf5+ Kxe4 35. g5 Rxe3 36. Rf1 Rxh3 37. g6 Rhh2 38. Rc1 Rag2+ 39. Kf1
Rxg6 40. Rc3 Rh1+ 41. Kf2 Rhg1 42. Re3+ Kf4 43. Rf3+ Kg4 44. Rd3 Kh4 45. Rd4+
Kh3 46. Rd3+ R6g3 47. Rd4 R1g2+ 48. Kf1 Rf3+ 49. Ke1 Rb3 50. Rd1 Rg1+ 51. Ke2
Rb2+ 52. Rd2 Rg2+ 53. Kf1 Rgxd2 54. Ke1 Rh2 55. Kf1 Rb1# {Ke1} 0-1

[Event "Korcsoportos Bajnokság u10f"]
[Site "Balatonlelle"]
[Date "2015.06.19"]
[Round "2.1"]
[White "Borhy, Marcell"]
[Black "Muranyi, Peter"]
[Result "1-0"]
[WhiteElo "1802"]
[BlackElo "1424"]
[PlyCount "117"]
[EventDate "2015.06.18"]
[EventType "swiss"]
[EventRounds "9"]
[EventCountry "HUN"]
[WhiteClock "1:33:34"]
[BlackClock "1:28:43"]

1. c4 e5 2. Nc3 Nf6 3. d3 h6 4. Nf3 Nc6 5. g3 Be7 6. Bg2 O-O 7. O-O d6 8. h3
Be6 9. b3 Qd7 10. Kh2 Rad8 11. Bb2 d5 12. cxd5 Nxd5 13. Nxd5 Bxd5 14. e4 Be6
15. Nxe5 Nxe5 16. Bxe5 f6 17. Bf4 Bd6 18. Bxd6 Qxd6 19. Qc2 Rd7 20. Rfd1 Rfd8
21. d4 Qb6 22. d5 Bf7 23. Rac1 c6 24. dxc6 Rxd1 25. Rxd1 Rxd1 26. Qxd1 Qxc6 27.
e5 Qa6 28. Be4 Qb6 29. Qc2 Kf8 30. exf6 gxf6 31. Kg2 Be8 32. Qc8 Ke7 33. Qxb7+
Qxb7 34. Bxb7 Kd6 35. Kf3 Bd7 36. h4 Kc5 37. a3 Kd4 38. Ba6 h5 39. Bc4 Bg4+ 40.
Kf4 a5 41. f3 Bd7 42. Bf7 Kc3 43. g4 hxg4 44. fxg4 Bb5 45. h5 Bd3 46. Bg6 Bxg6
47. hxg6 Kxb3 48. g7 Kxa3 49. g8=Q a4 50. Qb8 Ka2 51. Kf5 a3 52. Kxf6 Ka1 53.
Qa8 a2 54. g5 Kb1 55. g6 a1=Q+ 56. Qxa1+ Kxa1 57. g7 Kb2 58. g8=Q Kc3 59. Qd5
1-0

[Event "Korcsoportos Bajnokság u10f"]
[Site "Balatonlelle"]
[Date "2015.06.19"]
[Round "2.2"]
[White "Kocsis, Peter"]
[Black "Csiki, Endre"]
[Result "0-1"]
[WhiteElo "1400"]
[BlackElo "1766"]
[PlyCount "108"]
[EventDate "2015.06.18"]
[EventType "swiss"]
[EventRounds "9"]
[EventCountry "HUN"]
[WhiteClock "1:12:54"]
[BlackClock "0:56:13"]

1. c4 c5 2. Nc3 Nf6 3. g3 Nc6 4. Bg2 e6 5. e3 Be7 6. Nge2 O-O 7. O-O Rb8 8. d4
cxd4 9. exd4 d5 10. b3 a6 11. Bf4 Ra8 12. a3 h6 13. h4 b6 14. b4 Bb7 15. cxd5
exd5 16. Qb3 Na7 17. Rac1 Rc8 18. Na4 Rc4 19. Nb2 Rc6 20. a4 b5 21. a5 Re8 22.
Nc3 Rc8 23. Be5 Ne4 24. Nxe4 dxe4 25. Rcd1 Bd5 26. Qa3 Nc6 27. Bh3 Ra8 28. Rc1
Bxb4 29. Qa1 f6 30. Rfd1 fxe5 31. dxe5 Nxe5 32. Bg2 Nf3+ 33. Bxf3 exf3 34. Nd3
Bd6 35. Qd4 Bb3 36. Re1 Rxe1+ 37. Nxe1 Ba3 38. Qxd8+ Rxd8 39. Rc3 Rd1 40. Rxb3
Rxe1+ 41. Kh2 b4 42. Rxf3 Rb1 43. Kh3 b3 44. Kg4 Be7 45. Kf5 b2 46. Rb3 Bf6 47.
Kg6 Rd1 48. Rb8+ Rd8 49. Rb6 Be5 50. f4 Rd6+ 51. Kf5 Rxb6 52. axb6 Bb8 53. Kg6
b1=Q+ 54. f5 Qd1 0-1

[Event "Korcsoportos Bajnokság u10f"]
[Site "Balatonlelle"]
[Date "2015.06.19"]
[Round "2.3"]
[White "Toth, Csongor"]
[Black "Gombocz, Ferenc Jr"]
[Result "0-1"]
[WhiteElo "1365"]
[BlackElo "1725"]
[PlyCount "83"]
[EventDate "2015.06.18"]
[EventType "swiss"]
[EventRounds "9"]
[EventCountry "HUN"]
[WhiteClock "1:43:19"]
[BlackClock "1:28:13"]

1. e4 e5 2. Nf3 Nf6 3. Nxe5 d6 4. Nf3 Nxe4 5. d4 d5 6. Bd3 Nc6 7. O-O Be7 8.
Bf4 O-O 9. Nbd2 f5 10. Ne5 Nxd4 11. c3 Ne6 12. f3 Nxc3 13. bxc3 Nxf4 14. Qc2
Bd6 15. Ng4 Nxd3 16. Nh6+ gxh6 17. Qxd3 Rf7 18. Qe3 Qf8 19. Qd3 c6 20. Rad1 Qg7
21. g3 Bxg3 22. Kh1 Kf8 23. Rg1 f4 24. c4 Qg5 25. hxg3 fxg3 26. Kg2 h5 27. Rde1
h4 28. Qc3 h3+ 29. Kf1 Rg7 30. cxd5 h2 31. Qc5+ Kf7 32. Ne4 hxg1=Q+ 33. Kxg1
Qh4 34. Nd6+ Kg6 35. Qc2+ Kg5 36. Ne4+ Kh5 37. dxc6 Qh2+ 38. Qxh2+ gxh2+ 39.
Kxh2 bxc6 40. Ng3+ Kg6 41. Rg1 Kf7 42. f4 0-1

[Event "Korcsoportos Bajnokság u10f"]
[Site "Balatonlelle"]
[Date "2015.06.19"]
[Round "2.4"]
[White "Bangha, Otto Peter"]
[Black "Schwarczenberger, Csongor"]
[Result "1-0"]
[WhiteElo "1349"]
[BlackElo "1552"]
[PlyCount "145"]
[EventDate "2015.06.18"]
[EventType "swiss"]
[EventRounds "9"]
[EventCountry "HUN"]
[WhiteClock "1:02:18"]
[BlackClock "1:23:39"]

1. e4 c6 2. d4 d5 3. exd5 cxd5 4. Bd3 Nc6 5. c3 Qc7 6. Ne2 Bg4 7. f3 Bd7 8. Bf4
e5 9. Bg3 Bd6 10. Qb3 Be6 11. Qc2 exd4 12. cxd4 Bxg3+ 13. hxg3 h6 14. Nd2 Rc8
15. Bf5 Nb4 16. Qxc7 Rxc7 17. Bxe6 fxe6 18. O-O Nf6 19. Nf4 Kf7 20. a3 Nc6 21.
Nb3 g5 22. Nd3 Rhc8 23. Rfe1 b6 24. Re2 Nd7 25. Rae1 Nd8 26. Nb4 a5 27. Nd3 Rc2
28. Kf2 Rxe2+ 29. Rxe2 a4 30. Na1 Rc4 31. Ke3 Nc6 32. Nc2 Ne7 33. Kf2 Nf5 34.
Ne5+ Nxe5 35. dxe5 Nd4 36. Ne3 Rc1 37. Rd2 Nb3 38. Rc2 Rxc2+ 39. Nxc2 Kg6 40.
g4 Kf7 41. Nb4 Ke7 42. Ke3 Nc5 43. g3 Kf7 44. Nc2 Nb3 45. Kd3 Ke7 46. Kc3 Nc5
47. Kd4 Nb3+ 48. Kc3 Nc1 49. Kd2 Nb3+ 50. Kc3 Kf7 51. Kb4 Kg6 52. Kxa4 Nd2 53.
Nd4 Kf7 54. b3 Nf1 55. Kb5 Nxg3 56. Kxb6 h5 57. gxh5 Nxh5 58. a4 Ng3 59. a5 Nf5
60. Nc6 d4 61. Nxd4 Nxd4 62. a6 Nxf3 63. a7 g4 64. a8=Q Nxe5 65. Qe4 Kf6 66.
Qf4+ Kg6 67. Qxe5 Kh6 68. Kc6 Kg6 69. Kd6 Kh6 70. Kxe6 Kg6 71. Qf5+ Kh6 72.
Qxg4 Kh7 73. Kf7 1-0

[Event "Korcsoportos Bajnokság u10f"]
[Site "Balatonlelle"]
[Date "2015.06.19"]
[Round "2.5"]
[White "Kovacs, Patrik Zsolt"]
[Black "Barsi, Botond"]
[Result "1-0"]
[WhiteElo "1520"]
[BlackElo "1350"]
[PlyCount "87"]
[EventDate "2015.06.18"]
[EventType "swiss"]
[EventRounds "9"]
[EventCountry "HUN"]
[WhiteClock "1:15:46"]
[BlackClock "1:35:33"]

1. d4 d5 2. c4 c6 3. e3 Nf6 4. Nc3 e6 5. Nf3 Bd6 6. Bd2 O-O 7. Bd3 b6 8. cxd5
cxd5 9. O-O Nc6 10. a3 a5 11. Rc1 Ne7 12. Qe2 Bd7 13. Nb5 Bxb5 14. Bxb5 Ne4 15.
Bd3 Qb8 16. h3 h6 17. Bc3 Rc8 18. Nd2 Nxc3 19. bxc3 Bxa3 20. Rc2 Bd6 21. c4 Qb7
22. Rb2 Qa7 23. Rfb1 Rab8 24. cxd5 Nxd5 25. Qf3 Nc3 26. Ra1 Bb4 27. Rxb4 Nd5
28. Rbb1 Qd7 29. Nc4 Qe7 30. Be4 Rxc4 31. Bxd5 exd5 32. Qxd5 Rb4 33. Rc1 a4 34.
Qc6 b5 35. d5 Qe8 36. d6 Qxc6 37. Rxc6 Rd8 38. Rd1 a3 39. d7 a2 40. Rc8 Rb1 41.
Rxd8+ Kh7 42. Rh8+ Kxh8 43. d8=Q+ Kh7 44. Qd3+ 1-0

[Event "Korcsoportos Bajnokság u10f"]
[Site "Balatonlelle"]
[Date "2015.06.19"]
[Round "2.6"]
[White "Petervari, Szabolcs"]
[Black "Pasztor, Balazs"]
[Result "0-1"]
[WhiteElo "1265"]
[BlackElo "1479"]
[PlyCount "114"]
[EventDate "2015.06.18"]
[EventType "swiss"]
[EventRounds "9"]
[EventCountry "HUN"]
[WhiteClock "1:44:30"]
[BlackClock "1:29:30"]

1. d4 d5 2. Nf3 c6 3. Bf4 Nf6 4. c3 e6 5. e3 Nbd7 6. Bd3 Be7 7. Qc2 O-O 8. Ng5
h6 9. Nh7 Nxh7 10. Bxh7+ Kh8 11. Bd3 c5 12. dxc5 Nxc5 13. Be2 Bd6 14. Bxd6 Qxd6
15. b4 Ne4 16. f3 Nf6 17. Nd2 Bd7 18. O-O Rac8 19. Rac1 Rc7 20. a3 Rfc8 21. Qb3
b5 22. Rc2 Qe5 23. c4 dxc4 24. Qc3 Qg5 25. g4 Nd5 26. f4 Qg6 27. Qd4 Qxc2 28.
e4 Qc3 29. Qxc3 Nxc3 30. Bf3 f5 31. Rc1 fxe4 32. Nxe4 Nxe4 33. Bxe4 Bc6 34. Bg6
Be8 35. Be4 c3 36. Kf2 c2 37. Ke2 Bc6 38. Bd3 a6 39. Rxc2 Bf3+ 40. Kxf3 Rxc2
41. Bxc2 Rxc2 42. h4 Rc3+ 43. Ke4 Rxa3 44. f5 exf5+ 45. gxf5 Ra4 46. h5 Rxb4+
47. Ke5 a5 48. f6 gxf6+ 49. Kxf6 a4 50. Kg6 a3 51. Kxh6 a2 52. Kg6 a1=Q 53. h6
Qe5 54. h7 Rg4+ 55. Kf7 Rf4+ 56. Kg6 Qf5+ 57. Kh6 Rh4# 0-1

[Event "Korcsoportos Bajnokság u10f"]
[Site "Balatonlelle"]
[Date "2015.06.20"]
[Round "3.1"]
[White "Pasztor, Balazs"]
[Black "Borhy, Marcell"]
[Result "0-1"]
[WhiteElo "1479"]
[BlackElo "1802"]
[PlyCount "64"]
[EventDate "2015.06.18"]
[EventType "swiss"]
[EventRounds "9"]
[EventCountry "HUN"]
[WhiteClock "0:23:48"]
[BlackClock "0:57:46"]

1. e4 c5 2. Nf3 d6 3. d4 cxd4 4. Nxd4 Nf6 5. Nc3 g6 6. Be3 Bg7 7. f3 Nc6 8. Qd2
h5 9. h4 Bd7 10. O-O-O a6 11. Be2 b5 12. Rdg1 Ne5 13. Nd5 Nxd5 14. exd5 Rc8 15.
g4 Nc4 16. Bxc4 Rxc4 17. b3 Rc7 18. gxh5 Rxh5 19. Rg5 Rxg5 20. Bxg5 Bxd4 21.
Qxd4 f6 22. h5 Bf5 23. hxg6 Kd7 24. g7 Qg8 25. Bxf6 exf6 26. Qxf6 Qxd5 27. c3
Qd3 28. Qxf5+ Qxf5 29. g8=Q Rxc3+ 30. Kb2 Rc2+ 31. Ka3 b4+ 32. Kxb4 Qb5+ 0-1

[Event "Korcsoportos Bajnokság u10f"]
[Site "Balatonlelle"]
[Date "2015.06.20"]
[Round "3.2"]
[White "Csiki, Endre"]
[Black "Kovacs, Patrik Zsolt"]
[Result "1-0"]
[WhiteElo "1766"]
[BlackElo "1520"]
[PlyCount "57"]
[EventDate "2015.06.18"]
[EventType "swiss"]
[EventRounds "9"]
[EventCountry "HUN"]
[WhiteClock "0:39:53"]
[BlackClock "0:51:40"]

1. e4 c5 2. Nf3 d6 3. d4 cxd4 4. Nxd4 Nf6 5. Nc3 g6 6. Be3 Bg7 7. Be2 O-O 8. g4
Nc6 9. g5 Ne8 10. Qd2 Bd7 11. O-O-O Rc8 12. Kb1 Ne5 13. f4 Nc4 14. Bxc4 Rxc4
15. Qd3 Rc8 16. f5 a5 17. Rhf1 a4 18. Nd5 Bc6 19. f6 exf6 20. gxf6 Nxf6 21.
Nxc6 bxc6 22. Bb6 Qd7 23. Nxf6+ Bxf6 24. Rxf6 c5 25. Rxd6 Qb7 26. Qd5 Qb8 27.
Rg1 c4 28. Rdxg6+ hxg6 29. Rxg6+ 1-0

[Event "Korcsoportos Bajnokság u10f"]
[Site "Balatonlelle"]
[Date "2015.06.20"]
[Round "3.3"]
[White "Gombocz, Ferenc Jr"]
[Black "Lauber, Kolos"]
[Result "1-0"]
[WhiteElo "1725"]
[BlackElo "1472"]
[PlyCount "121"]
[EventDate "2015.06.18"]
[EventType "swiss"]
[EventRounds "9"]
[EventCountry "HUN"]
[WhiteClock "1:39:36"]
[BlackClock "1:25:30"]

1. d4 Nf6 2. Nf3 e6 3. e3 b6 4. Bd3 Bb7 5. O-O c5 6. Nbd2 Be7 7. b3 O-O 8. Bb2
Nc6 9. c4 d6 10. Qe2 Qc7 11. Rac1 Rac8 12. e4 cxd4 13. Nxd4 Nb4 14. Bb1 Na6 15.
Nb5 Qd7 16. Nxa7 Ra8 17. Nb5 Nc5 18. Rcd1 Rfd8 19. e5 Qc6 20. f3 dxe5 21. Bxe5
Ncd7 22. Bg3 Nh5 23. Bf2 Nf4 24. Qe4 Qxe4 25. Nxe4 Nf6 26. Nxf6+ Bxf6 27. Bxb6
Rxd1 28. Rxd1 Bc6 29. Rd2 Bxb5 30. cxb5 Nd5 31. Be4 Rb8 32. Bxd5 exd5 33. Bc5
Rxb5 34. Rxd5 h6 35. b4 Bc3 36. a3 Rb7 37. Rd3 Be1 38. g3 Rb8 39. Kf1 Re8 40.
Be3 Bxb4 41. axb4 Rb8 42. Bc5 f6 43. Rd7 Kh7 44. Rd6 Kg6 45. Rb6 Ra8 46. Rb7
Ra1+ 47. Kg2 Ra2+ 48. Kh3 f5 49. b5 Kf6 50. Bd4+ Ke6 51. Rxg7 Kd5 52. Bg1 Ra1
53. Kg2 Ra2+ 54. Kh1 Ra1 55. b6 Rb1 56. b7 Kc6 57. Kg2 Rxb7 58. Rxb7 Kxb7 59.
Be3 Kc6 60. Bxh6 Kd5 61. g4 1-0

[Event "Korcsoportos Bajnokság u10f"]
[Site "Balatonlelle"]
[Date "2015.06.20"]
[Round "3.4"]
[White "Karacsonyi, Kata"]
[Black "Bangha, Otto Peter"]
[Result "1-0"]
[WhiteElo "1468"]
[BlackElo "1349"]
[PlyCount "113"]
[EventDate "2015.06.18"]
[EventType "swiss"]
[EventRounds "9"]
[EventCountry "HUN"]
[WhiteClock "0:36:32"]
[BlackClock "1:01:27"]

1. e4 c5 2. Nf3 Nc6 3. d4 cxd4 4. Nxd4 Nf6 5. Nc3 d6 6. Bg5 e6 7. Qd2 Be7 8.
O-O-O a6 9. Kb1 Nxd4 10. Qxd4 e5 11. Qd3 Nxe4 12. Nxe4 Bxg5 13. Nxd6+ Kf8 14.
Qf3 Qf6 15. Qa3 Qe7 16. Qa5 Be6 17. Be2 g6 18. Rhe1 Rd8 19. Ne4 Rxd1+ 20. Rxd1
Bf6 21. Nxf6 Qxf6 22. Qd8+ Kg7 23. Qxf6+ Kxf6 24. Bf3 b6 25. Rd6 Rb8 26. c3 e4
27. Bxe4 Ke5 28. Rd4 b5 29. Bc2 Bd5 30. f4+ Ke6 31. Bb3 Rd8 32. Bxd5+ Rxd5 33.
Rxd5 Kxd5 34. Kc2 Ke4 35. g3 Kf3 36. b3 Ke4 37. c4 bxc4 38. bxc4 Kd4 39. Kb3
Kc5 40. Kc3 a5 41. a3 f6 42. g4 h6 43. Kd3 a4 44. Kc3 f5 45. h3 h5 46. g5 h4
47. Kd3 Kc6 48. Kd4 Kd6 49. c5+ Kc6 50. Kc4 Kc7 51. Kd5 Kd7 52. c6+ Kc7 53. Kc5
Kc8 54. Kd6 Kd8 55. Ke6 Kc7 56. Kf6 Kxc6 57. Kxg6 1-0

[Event "Korcsoportos Bajnokság u10f"]
[Site "Balatonlelle"]
[Date "2015.06.20"]
[Round "3.5"]
[White "Eorsi, Pal"]
[Black "Pervai, Laszlo"]
[Result "1/2-1/2"]
[WhiteElo "1229"]
[BlackElo "1431"]
[PlyCount "89"]
[EventDate "2015.06.18"]
[EventType "swiss"]
[EventRounds "9"]
[EventCountry "HUN"]
[WhiteClock "0:37:18"]
[BlackClock "1:19:46"]

1. c4 e5 2. Nc3 Nf6 3. g3 Nc6 4. Bg2 Bc5 5. e3 Qe7 6. Nge2 e4 7. a3 a5 8. O-O
O-O 9. Qc2 Re8 10. Nf4 Ne5 11. Nxe4 Nxe4 12. Bxe4 Ng6 13. Nxg6 Qxe4 14. Qxe4
Rxe4 15. Nf4 Rxc4 16. d3 Rc2 17. Rd1 d6 18. Rb1 Bg4 19. Re1 Ra6 20. h3 Bd7 21.
d4 Ba7 22. g4 c6 23. Re2 Rxe2 24. Nxe2 b5 25. Nc3 h5 26. f3 hxg4 27. hxg4 Rb6
28. Bd2 Rb8 29. Ne4 d5 30. Nc5 Bxc5 31. dxc5 a4 32. Rd1 Be6 33. Bc3 Rd8 34. e4
Kf8 35. exd5 Bxd5 36. Be5 f6 37. Bd6+ Kf7 38. Kf2 Rh8 39. Kg3 Re8 40. Kf2 g6
41. Rh1 Kg7 42. Rd1 f5 43. gxf5 gxf5 44. Rd3 Bc4 45. Re3 1/2-1/2

[Event "Korcsoportos Bajnokság u10f"]
[Site "Balatonlelle"]
[Date "2015.06.21"]
[Round "4.1"]
[White "Borhy, Marcell"]
[Black "Csiki, Endre"]
[Result "1/2-1/2"]
[WhiteElo "1802"]
[BlackElo "1766"]
[PlyCount "146"]
[EventDate "2015.06.18"]
[EventType "swiss"]
[EventRounds "9"]
[EventCountry "HUN"]
[WhiteClock "1:01:21"]
[BlackClock "0:48:01"]

1. d4 Nf6 2. Nf3 e6 3. g3 c5 4. c4 d5 5. Bg2 Nc6 6. O-O Be7 7. cxd5 exd5 8. Nc3
O-O 9. b3 b6 10. Bb2 Bb7 11. Rc1 cxd4 12. Nxd4 Nxd4 13. Qxd4 Bc5 14. Qd3 Qd7
15. Rfd1 Rad8 16. a3 d4 17. Ne4 Nxe4 18. Bxe4 Bxe4 19. Qxe4 Rfe8 20. Qd3 Qe6
21. b4 Bf8 22. Rc2 Qe4 23. Qxe4 Rxe4 24. e3 d3 25. Rcd2 a5 26. bxa5 bxa5 27.
Rxd3 Rb8 28. R1d2 a4 29. Rd7 h6 30. Kg2 Re6 31. Ra7 Reb6 32. Be5 Re8 33. Bd4
Rb3 34. Rxa4 Rxa3 35. Rxa3 Bxa3 36. Ra2 Bd6 37. Ra7 Rc8 38. Rd7 Bb4 39. e4 Bc3
40. Bb6 Rc6 41. Rc7 Rxc7 42. Bxc7 f6 43. f4 Kf7 44. Kf3 Ke6 45. Kg4 g6 46. f5+
Kf7 47. Bf4 h5+ 48. Kf3 g5 49. Bd6 Bd4 50. h3 Bb2 51. Ke3 Bc3 52. g4 h4 53. Kd3
Be1 54. Kc4 Bd2 55. Kd5 Bc1 56. e5 fxe5 57. Bxe5 Be3 58. f6 Bd2 59. Bb2 Be3 60.
Ke5 Bd2 61. Kf5 Be3 62. Ba3 Bd2 63. Bc5 Bc1 64. Bf2 Bd2 65. Bxh4 gxh4 66. g5
Be3 67. g6+ Kg8 68. Ke6 Bc5 69. Kf5 Bb4 70. Kg5 Be1 71. g7 Kh7 72. Kf5 Bc3 73.
Ke6 Bxf6 1/2-1/2

[Event "Korcsoportos Bajnokság u10f"]
[Site "Balatonlelle"]
[Date "2015.06.21"]
[Round "4.3"]
[White "Kozsik, Bende Barnabas"]
[Black "Karacsonyi, Kata"]
[Result "1-0"]
[WhiteElo "1639"]
[BlackElo "1468"]
[PlyCount "67"]
[EventDate "2015.06.18"]
[EventType "swiss"]
[EventRounds "9"]
[EventCountry "HUN"]
[WhiteClock "1:19:57"]
[BlackClock "0:19:32"]

1. e4 c5 2. Nf3 d6 3. d4 cxd4 4. Nxd4 Nf6 5. Nc3 Nc6 6. Bg5 e6 7. Qd2 Be7 8.
O-O-O Ne5 9. f4 Ng6 10. Ndb5 h6 11. Bxf6 gxf6 12. g3 Kf8 13. Nxd6 Qxd6 14. Qxd6
Bxd6 15. Rxd6 Kg7 16. Bg2 e5 17. f5 Ne7 18. Rhd1 Nc6 19. Nd5 Re8 20. Nc7 Rf8
21. Nxa8 Nd4 22. c3 Nc6 23. Nc7 h5 24. Nd5 Rh8 25. Nxf6 h4 26. Ng4 h3 27. Bf1
Rh7 28. Bb5 Rh8 29. Bxc6 bxc6 30. Nxe5 c5 31. f6+ Kh7 32. R6d5 c4 33. Nd7 Bxd7
34. Rh5+ 1-0

[Event "Korcsoportos Bajnokság u10f"]
[Site "Balatonlelle"]
[Date "2015.06.21"]
[Round "4.4"]
[White "Jaro, Benjamin"]
[Black "Fule, Simon"]
[Result "1-0"]
[WhiteElo "1756"]
[BlackElo "1386"]
[PlyCount "71"]
[EventDate "2015.06.18"]
[EventType "swiss"]
[EventRounds "9"]
[EventCountry "HUN"]
[WhiteClock "0:59:53"]
[BlackClock "1:10:15"]

1. e4 c5 2. Nf3 Nc6 3. c3 d6 4. d4 cxd4 5. cxd4 e6 6. Nc3 Nf6 7. g3 g6 8. Bg2
Bg7 9. O-O O-O 10. h3 a6 11. Be3 Re8 12. Qd2 d5 13. e5 Nd7 14. Bh6 Qb6 15. Bxg7
Kxg7 16. Rac1 h6 17. Rfd1 Qd8 18. Qe2 b5 19. Nxd5 Bb7 20. Nc3 Nb6 21. Ne4 Nc8
22. Nc5 Ra7 23. Nxb7 Rxb7 24. Rxc6 Ra7 25. Rdc1 Qd7 26. Qc2 Ne7 27. Rd6 Qb7 28.
Nd2 Nd5 29. Qc6 Qxc6 30. Rdxc6 Nb4 31. Rc7 Rxc7 32. Rxc7 Nxa2 33. Ne4 Rd8 34.
Nd6 Rf8 35. d5 exd5 36. Bxd5 1-0

[Event "Korcsoportos Bajnokság u10f"]
[Site "Balatonlelle"]
[Date "2015.06.21"]
[Round "4.5"]
[White "Gyenes, Mate"]
[Black "Schwarczenberger, Csongor"]
[Result "1/2-1/2"]
[WhiteElo "1391"]
[BlackElo "1552"]
[PlyCount "102"]
[EventDate "2015.06.18"]
[EventType "swiss"]
[EventRounds "9"]
[EventCountry "HUN"]
[WhiteClock "1:08:16"]
[BlackClock "0:50:49"]

1. e4 c6 2. d4 d5 3. exd5 cxd5 4. Bd3 Nc6 5. c3 Qc7 6. h3 Nf6 7. Nf3 Bd7 8. O-O
e6 9. Bg5 Be7 10. Re1 h6 11. Be3 g5 12. Nbd2 g4 13. hxg4 Nxg4 14. Nf1 Nxe3 15.
Nxe3 h5 16. Kf1 h4 17. Ke2 e5 18. Nxd5 Qd6 19. Nxe7 Qxe7 20. Kd2 Bg4 21. dxe5
Rd8 22. Kc2 h3 23. gxh3 Rxh3 24. Re3 a6 25. Qe2 Qc7 26. Re1 Nd4+ 27. Nxd4 Bxe2
28. Rxh3 Bxd3+ 29. Rxd3 Qc4 30. b3 Qc5 31. Kb2 b5 32. Red1 a5 33. Rh1 Qf8 34.
Rdh3 Qc5 35. Rd1 Rd5 36. f4 b4 37. Rhd3 bxc3+ 38. Rxc3 Qb6 39. Rc4 Kd7 40. f5
Ke8 41. e6 Qb8 42. Rc2 fxe6 43. fxe6 Qe5 44. Rcd2 Rd6 45. Ka1 Kd8 46. Kb1 Qe4+
47. Kb2 Qe5 48. Re2 Qxe2+ 49. Nxe2 Rxd1 50. Ka3 Re1 51. Nd4 Kc7 1/2-1/2